000 00693nam a22002297a 4500
003 UA-OsUOA
001 112034
007 ta
008 20150615b un ||||| |||| 00| 0 ukr d
100 _aЦінько С.
700 _aМарєєв Д.
090 _a81
_bЦ75
942 _cSA
040 _aUA-OsUOA
_bukr
_cUA-OsUOA
_dUA-OsUOA
245 _aМобільні технології - альтернативний засіб вивчення української мови
300 _aС.4-6
955 _a0
041 _aukr
080 _a81
773 0 _w112032
650 7 _a8 Мовознавство. Художня література. Літературознавство
_2UDC
999 _c398116
_d398116